Quản lý chất thải rắn

Tổng quan về hệ thống kỹ thuật quản lý chất thải rắn sinh hoạt ; Nguồn phát sinh, thành phần chất thải rắn sinh hoạt; Tốc độ phát sinh và thu gom chất thải rắn sinh hoạt; Phân loại và xử lý sơ bộ chất thải rắn sinh hoạt tị nguồn; Thu gom c...

Popoln opis

Shranjeno v:
Bibliografske podrobnosti
Glavni avtor: Nguyễn, Thị Kim Thái
Format: Knjiga
Jezik:Undetermined
Izdano: Hà Nội Khoa học và Kỹ thuật 2011
Teme:
Oznake: Označite
Brez oznak, prvi označite!
Thư viện lưu trữ: Trung tâm Học liệu Trường Đại học Cần Thơ
LEADER 01127nam a2200205Ia 4500
001 CTU_176744
008 210402s9999 xx 000 0 und d
020 |c 88000 
082 |a 628.44 
082 |b Th103/T.2 
100 |a Nguyễn, Thị Kim Thái 
245 0 |a Quản lý chất thải rắn 
245 0 |c Nguyễn Thị Kim Thái 
260 |a Hà Nội 
260 |b Khoa học và Kỹ thuật 
260 |c 2011 
520 |a Tổng quan về hệ thống kỹ thuật quản lý chất thải rắn sinh hoạt ; Nguồn phát sinh, thành phần chất thải rắn sinh hoạt; Tốc độ phát sinh và thu gom chất thải rắn sinh hoạt; Phân loại và xử lý sơ bộ chất thải rắn sinh hoạt tị nguồn; Thu gom chất thải rắn sinh hoạt; Trung chuyển chất thải rắn sinh hoạt;... 
650 |a Chất thải rắn,Environmental engineering,Refuse and refuse disposal,Công nghệ môi trường 
904 |i Minh Tâm, Năm 
980 |a Trung tâm Học liệu Trường Đại học Cần Thơ